Population ageing as generation substitutions:nomic and social aspects
Analýza procesov starnutia populácie na Slovensku z hľadiska dlhodobých trendov a regionálnych rozdielov.
Na minha lista:
| Autor principal: | |
|---|---|
| Outros Autores: | |
| Formato: | Capítulo de Livro |
| Idioma: | inglês |
| Assuntos: | |
| Tags: |
Sem tags, seja o primeiro a adicionar uma tag!
|
MARC
| LEADER | 00000naa a2200000 4500 | ||
|---|---|---|---|
| 001 | 0152604 | ||
| 005 | 20231208072518.3 | ||
| 041 | 0 | |a eng | |
| 044 | |a SK | ||
| 245 | 1 | 0 | |a Population ageing as generation substitutions:nomic and social aspects |c Marcela Káčerová, Jozef Mládek |
| 520 | |a Analýza procesov starnutia populácie na Slovensku z hľadiska dlhodobých trendov a regionálnych rozdielov. | ||
| 610 | 2 | 0 | |a vývoj populačný |
| 610 | 2 | 0 | |a starnutie populácie |
| 610 | 2 | 0 | |a výskum ekonomický |
| 610 | 2 | 0 | |a Slovensko |
| 610 | 2 | 0 | |a diferenciácia demografická |
| 610 | 2 | 0 | |a diferenciácia regionálna |
| 100 | 1 | |a Káčerová, Marcela | |
| 700 | 1 | |a Mládek, Jozef | |